| 000 | 00523nam a22001697a 4500 | ||
|---|---|---|---|
| 008 | 150306b xxu||||| |||| 00| 0 eng d | ||
| 020 | _a9780486272894 | ||
| 050 | _aQA22.K513 1992 | ||
| 100 |
_aKlein, Jacob _915887 |
||
| 245 |
_aGreek mathematical thought and the origin of algebra _c/by Jacob Klein |
||
| 260 |
_aNew York _bDover _c1992 |
||
| 300 |
_axv, 360p. _c22cm. |
||
| 650 |
_aMathematics, Greek _915888 |
||
| 650 |
_aAlgebra _xHistory _915889 |
||
| 700 |
_aEva, Brann _915907 _etr. |
||
| 942 |
_2lcc _cMONOGRAPH |
||
| 999 |
_c122303 _d122303 |
||